| 000 | 02982nam a22003857a 4500 | ||
|---|---|---|---|
| 005 | 20091215141347.0 | ||
| 010 | _aB-370259-267 B-444624 | ||
| 020 |
_c80.00 _a9788179915202 |
||
| 035 | _aB-370259-267 B-444624 | ||
| 037 | _bPopular Parakashan | ||
| 037 | _bBlue Berry/Ven | ||
| 082 | _a534 | ||
| 100 |
_aBarchers, Suzanne _937511 |
||
| 245 |
_aEureka! I've discovered sound: _bmeet the people who revealed the wonders of sound! / _cby Suzanne Barchers ; illustrated by Amit Tayal...[et al] |
||
| 260 |
_bPopular Prakashan _c2009 _aMumbai |
||
| 270 |
_a301, Mahalaxmi, 22, Bhulabhai Desai Road, _bMumbai _e400026 |
||
| 300 |
_a32p.: _bcol. ill. _c28cm(pbk) |
||
| 490 |
_aBrainworks a kangaroo kids initiative series; edited by Jessica Cohn _937512 |
||
| 500 | _aIncludes glossary and index | ||
| 700 |
_aTayal, Amit...[et al] _937513 |
||
| 700 |
_aCohn,Jessica _937514 |
||
| 942 |
_2ddc _cCH _mBAR _h534 |
||
| 999 |
_c32894 _d32894 |
||